Представление документа в формате RUSMARC

ПолеНазваниеЗначение
  Тип записи c
  Библиографический уровень c
001 Контрольный номер RU/SLIB/B/208751713
005 Дата корректировки 20201206204134.3
010 Индекс ISBN __
d Цена 16000-00
101 Язык документа __
a Язык текста rus
200 Заглавие и сведения об ответственности __
a Заглавие Ничто не забыто-никто не забыт
e Сведения, относящиеся к заглавию избр. песни : для голоса (хора) в сопровождении фортепиано
f Первые сведения об ответственности Новиков А. Г.
b Общее обозначение материала Ноты
210 Выходные данные __
a Место издания М.
c Издательство Музыка
d Дата издания 1995
215 Физическое описание __
a Объем 128 с.
c Иллюстрации/тип воспроизводства ноты
606 Тематические рубрики __
a Основная рубрика Музыка и зрелищные искусства
606 Тематические рубрики __
a Основная рубрика Вокальная музыка
606 Тематические рубрики __
a Основная рубрика Инструментальная музыка
610 Ключевые слова __
a Ключевые слова нотные издания; песни; военные песни; вокальная музыка; хороводные песни; хоровые песни; хоровые произведения; тема войны; тема патриотизма; тема Родины; патриотические песни; патриотическая тематика; патриотическая тема
686 Индексы других классификаций __
a Классификационный индекс 85.94
a Классификационный индекс 85.9я491
700 Автор __
a Фамилия Новиков
b Имя А. Г.
4 Код отношения 070
801 Источник записи _0
a Страна RU
b Организация Муниципальное бюджетное учреждение культуры "Централизованная библиотечная система" г. Сургут (Центральная городская библиотека им. А. С. Пушкина)
g Правила каталогизации КиК/Уланова
801 Источник записи _1
a Страна RU
b Организация Муниципальное бюджетное учреждение культуры "Централизованная библиотечная система" г. Сургут (Центральная городская библиотека им. А. С. Пушкина)
g Правила каталогизации КиК/Уланова
852 Данные о местонахождении __
j Шифр хранения 85.94
c Каталожный индекс 85.94, 85.9я491
i Авторский знак Н 73
p Инвентарный номер 59155
901 Тип документа __
t Тип документа x
969 Тип издания __
a Тип издания сборник
990 Данные о заказе (DOS) __
j Количество экземпляров (DOS) 1